LEADER 01372nam1 2200313 i 450 001 CFI0053739 005 20251003044115.0 100 $a20151216g1979 ||||0itac50 ba 101 | $aita 102 $ait 181 1$6z01$ai $bxxxe 182 1$6z01$an 200 1 $aCentri storici delle Marche centro meridionali$fMaria Luisa Scarin 210 $aMacerata$cCoopedit$d1979- 215 $a v.$d25 cm. 463 1$1001CFI0060384$12001 $a1$eLocalizzazione e struttura dell'insediamento accentrato urbano, attraverso il tempo, nelle provincie di Macerata e di Ascoli Piceno$fMaria Luisa Scarin$v1 606 $aInsediamenti urbani$xMarche$2FIR$3CFIC018261$9I 676 $a307.760945$9COMUNITA URBANE. Italia$v23 676 $a307.76094567$9COMUNITA URBANE. Marche$v19 700 1$aScarin$b, Maria Luisa$3CFIV034444$4070$0269824 801 3$aIT$bIT-000000$c20151216 850 $aIT-BN0095 901 $bNAP 01$cPOZZO LIB.$nVi sono collocati fondi di economia, periodici di ingegneria e scienze, periodici di economia e statistica e altri fondi comprendenti documenti di economia pervenuti in dono. 912 $aCFI0053739 950 1$aBiblioteca Centralizzata di Ateneo$bv. 1$cv. 1$d 01POZZO LIB.F. LANGELLA 91 967 $m1 977 $a 01 996 $aCentri storici delle Marche centro meridionali$92920358 997 $aUNISANNIO